000 00783nam a2200217Ia 4500
003 GCL
008 140319s9999 xx 000 0 ara d
040 _aGCL /
_cGCL
082 0 4 _a811.4
_bد د
100 1 _aعبدالصاحب عمران الدجيلى
245 1 0 _aديوان دعبل بن على الخزاعى /
_cعبدالصاحب عمران الدجيلى
700 1 _aدعبل الخزاعى : ابو على دعبل بن على بن رزين بن سليمان
250 _aالثانية
260 _aبيروت :
_bدار الكتاب اللبنانى ،
_c1989
300 _a429 ص ؛
_c26 سم
490 _a
650 0 4 _aالشعر العربى
650 0 4 _aدواوين وقصائد
650 0 4 _aدعبل بن على الخزاعى
942 _2ddc
_cBK
999 _c43051
_d43051